Mars Surface Features - Sudden Death - Statistics

General Stats
  • This quiz has been taken 14 times
  • The average score is 5 of 10
Answers on the Grid
Answers color-coded by a green-red scale on the quiz's grid according to % correct below.
Olympus Mons
Valles Marineris
Pavonis Mons
Tharsis Montes
Ascraeus Mons
Hellas Basin
Amazonis Planitia
Utopia Planitia
Gale Crater
Schiaparelli Crater
Ararat Mons
Sahara Planitia
Ptolemy Mons
Elgon Montes
Tweel Planitia
Valles Magellanis
 
Answer Stats
Answer % Correct
Hellas Basin
100%
Olympus Mons
100%
Schiaparelli Crater
67%
Utopia Planitia
67%
Amazonis Planitia
33%
Gale Crater
33%
Pavonis Mons
33%
Tharsis Montes
33%
Valles Marineris
33%
Ascraeus Mons
0%
No matching quizzes found
Score Distribution
Percent of People with Each Score
Percentile by Number Answered
Your Score History
You have not taken this quiz